Tercera Asamblea de Diputaciones Provinciales de España : ponencia ponencia
Descripción Física:
16 p. ; 22 cm
Materias:
Diputacions províncials -- Congressos
MARC
| LEADER | 00000nam a2200000Ia 4500 | ||
|---|---|---|---|
| 001 | 8467 | ||
| 003 | BGR | ||
| 005 | 20260410113637.0 | ||
| 008 | 160829s1909 xx 000 0 cat d | ||
| 080 | |a RF-6-19 | ||
| 111 | |9 70373 |a Asamblea de Diputaciones Provinciales de España |c (Madrid) | ||
| 245 | |a Tercera Asamblea de Diputaciones Provinciales de España : |b ponencia | ||
| 260 | |a Barcelona : |b (Imp. Casa Caritat), |c 1909 | ||
| 300 | |a 16 p. ; |c 22 cm | ||
| 650 | |a Diputacions províncials |x Congressos |9 29718 | ||
| 856 | 4 | |u https://media.diba.cat/diba/fitxers/arxiu/fulletons/bib_8467_1909_baixa.pdf |y Accés lliure | |
| 856 | 4 | |u https://media.diba.cat/diba/fitxers/arxiu/fulletons/bib_8467_1909_baixa.pdf |y Accés lliure | |
| 900 | |a bib_8467_1909_baixa.pdf | ||
| 901 | |a Arxiu | ||
| 942 | |n 1 |2 udc |c MON | ||
| 952 | |0 0 |1 0 |4 0 |6 RF619 |7 1 |9 42368 |a Arxiu |b Arxiu |d 2016-12-01 |l 0 |o RF-6-19 |p 8467 |r 2016-12-01 00:00:00 |w 2016-12-01 |y ARXIU | ||
| 999 | |c 44846 |d 44846 | ||